Tilastot visalle Suomen korkeimmat rakennukset

Klikkaa tästä pelataksesi tätä visaa!

Yleistilastot

  • Tätä visaa on pelattu 18 kertaa
  • Keskiarvotulos 3 / 15

Vastaustilastot

Korkeus (metreissä) Answer % Oikein
88Hotelli Torni Tampere
67%
87,5Cirrus
44%
70Hotelli Torni
44%
83,6Fortumin pääkonttori
39%
68Leppävaaran torni
22%
78Clarion Hotel Helsinki
17%
82Itäkeskuksen maamerkki
11%
73Panorama Tower
11%
73Kone Building
11%
70Meritorni
11%
85Niittyhuippu
6%
70Pitäjänmäki Tower
6%
66Itämerentorni
6%
66Reimarintorni
6%
65MicroTower
6%

Tulosjakauma

Persentiili vastausten määrän mukaan

Jokaisen tuloksen saaneiden osuus

Tuloshistoriasi

Et ole pelannut tätä visaa